Underground
| Main Author: | |
|---|---|
| Format: | Book |
| Published: |
Great britain :
Macdonald educational ,
1989
|
| Series: | My first library
|
| Subjects: |
MARC
| LEADER | 00000cam a2200000 7i4500 | ||
|---|---|---|---|
| 001 | 0000073641 | ||
| 005 | 20170606.0 | ||
| 008 | 170606 | ||
| 020 | |a 0750000260 | ||
| 090 | 0 | 0 | |a GEO |b ENG |
| 100 | 1 | |a Read,Brian | |
| 245 | 1 | 0 | |a Underground |c Brian Read |
| 260 | |a Great britain : |b Macdonald educational , |c 1989 | ||
| 490 | 1 | |a My first library | |
| 650 | 0 | |a Earth-juvenile literature | |
| 999 | |a 0000324576 |b Book |c Children Collection |e Cawangan Pontian | ||